000 00235nam a22000857a 4500
008 160926b xxu||||| |||| 00| 0 eng d
100 _9767
_aKumar.S.etal
245 _aEnglish Communicative-VII
260 _aNew Delhi
_bFrank Publications
_c2012
999 _c3423
_d3423